000 00823nam a2200277Ia 4500
001 Para_4588
003 CHAP
008 220125s1914 xx 000 0 und d
010 _a203069
040 _cCHAP
090 _aPA FOLLETO 1927
100 _aZeller, S . M.
_9123875
245 _aPhysical injuries to trees, with special reference to winter injury /
_c S. M. Zeller, O. T. McWhorter
260 _aCorvallis, Oregon :
_b State Agricultural College
300 _a8 p.
440 _aOregon Sta. Agri. Coll. Bull; 485
_9168659
650 _aArboles
_x Enfermedades
_982436
700 _aMcwhorter, O. T.
_973766
901 _aPA FOLLETO 1927
902 _aA
905 _a0000001914 COR 0000000000 00
910 _a1914
942 _cPARA
942 _cPARA
_d1
999 _c203069
_d203069